<?xml version="1.0" encoding="UTF-8"?>
<collection xmlns="http://www.loc.gov/MARC21/slim">
  <record>
    <leader>00000nam  2200000   4500</leader>
    <controlfield tag="001">INLIS000000000014720</controlfield>
    <controlfield tag="005">20221016113043</controlfield>
    <datafield tag="035" ind1="#" ind2="#">
      <subfield code="a">0010-1022000043</subfield>
    </datafield>
    <controlfield tag="001">INLIS000000000014719</controlfield>
    <controlfield tag="005">20221016112019</controlfield>
    <datafield tag="035" ind1="#" ind2="#">
      <subfield code="a">0010-1022000042</subfield>
    </datafield>
    <datafield tag="245" ind1="1" ind2="#">
      <subfield code="a">Optimalisasi Peningkatan Kerjasama Prodi Sarjana Terapan TRKJJ Politeknik Negeri Balikpapan Dengan Dunia Usaha dan Dunia Industri /</subfield>
      <subfield code="c">Mohamad Isram M. Ain, S.T., M.Sc</subfield>
    </datafield>
    <datafield tag="100" ind1="1" ind2="#">
      <subfield code="a">AIN, Mohamad Isram M.</subfield>
    </datafield>
    <datafield tag="250" ind1="#" ind2="#">
      <subfield code="a">1</subfield>
    </datafield>
    <datafield tag="300" ind1="#" ind2="#">
      <subfield code="a">23 halaman :</subfield>
      <subfield code="b">ilustrasi ;</subfield>
      <subfield code="c">30 cm</subfield>
    </datafield>
    <datafield tag="260" ind1="#" ind2="#">
      <subfield code="a">Samarinda :</subfield>
      <subfield code="b">Puslatbang KDOD,</subfield>
      <subfield code="c">2022</subfield>
    </datafield>
    <datafield tag="084" ind1="#" ind2="#">
      <subfield code="a">LATSAR 905 2022</subfield>
    </datafield>
    <datafield tag="650" ind1="#" ind2="4">
      <subfield code="a">Pelatihan Dasar</subfield>
    </datafield>
    <datafield tag="650" ind1="#" ind2="4">
      <subfield code="a">Laporan Aktualisasi</subfield>
    </datafield>
    <datafield tag="650" ind1="#" ind2="4">
      <subfield code="a">Prajabatan</subfield>
    </datafield>
    <datafield tag="650" ind1="#" ind2="4">
      <subfield code="a">inovasi pendidikan</subfield>
    </datafield>
    <datafield tag="650" ind1="#" ind2="4">
      <subfield code="a">pendidikan industri</subfield>
    </datafield>
    <datafield tag="650" ind1="#" ind2="4">
      <subfield code="a">dunia industri</subfield>
    </datafield>
    <datafield tag="650" ind1="#" ind2="4">
      <subfield code="a">pemetaan dunia usaha</subfield>
    </datafield>
    <datafield tag="650" ind1="#" ind2="4">
      <subfield code="a">kerjasama usaha</subfield>
    </datafield>
    <datafield tag="650" ind1="#" ind2="4">
      <subfield code="a">pendidikan tinggi</subfield>
    </datafield>
    <datafield tag="650" ind1="#" ind2="4">
      <subfield code="a">mitra industri</subfield>
    </datafield>
    <datafield tag="520" ind1="#" ind2="#">
      <subfield code="a">Laporan Aktualisasi Pelatihan Dasar ini menjelaskan masalah rendahnya jumlah kerjasama industri, sehingga dibuat 4 kegiatan berdasarkan nilai BerAKHLAK (Berorientasi pelayanan, Akuntabel, Kompeten, Harmonis, Loyal, Adaptif, Kolaboratif), yaitu : membuat rencana pemetaan dan identifikasi Dunia Usaha dan Dunia Industri (DuDi) yang akan diajak bekerja sama, menyusun draft MoU kerjasama dengan calon mitra Dudi, melaksanakan diskusi terkait draft MoU dengan calon mitra DuDi, dan sosialisasi hasil perjanjian kerjasama dengan mitra DuDi. Kegiatan ini dilaksanakan dari tanggal 19 Mei 2022-29 Juli 2022.</subfield>
    </datafield>
    <datafield tag="500" ind1="#" ind2="#">
      <subfield code="a">Coach : Rokip Purnomo,S.E.&#13;
Penguji : Windra Mariani, SH.,MH&#13;
Mentor : Dr. Rudi Kartika, M.Si</subfield>
    </datafield>
    <datafield tag="990" ind1="#" ind2="#">
      <subfield code="a">LATSAR/905/2022</subfield>
    </datafield>
  </record>
</collection>
